[Event "Berlin Lichtenberger op 9th"]
[Site "Berlin"]
[Date "2010.08.15"]
[Round "9"]
[White "Radssat, Marc Rene"]
[Black "Bauer, Stefan"]
[Result "1-0"]
[WhiteElo "1600"]
[BlackElo "1684"]
[PlyCount "59"]
[EventDate "2010.08.07"]
[EventType "swiss"]
[EventRounds "9"]
[EventCountry "GER"]
[SourceTitle "CBM 137 Extra"]
[Source "ChessBase"]
[SourceDate "2010.09.01"]
[SourceVersion "1"]
[SourceVersionDate "2010.09.01"]
[SourceQuality "1"]

1. e4 c5 2. b3 Nc6 3. Bb2 e5 4. d3 Nf6 5. g3 d6 6. Bg2 Be7 7. Ne2 Bg4 8. h3 Bd7 9. 0-0 Qc8 10. Kh2 h5 11. Nd2 g5 12. c3 Qc7 13. Qc2 0-0-0 14. Rac1 Kb8 15. d4 Bf8 16. b4 exd4 17. cxd4 Nxb4 18. Qc4 Be7 19. dxc5 dxc5 20. Nb3 Be6 21. Qb5 h4 22. Nxc5 hxg3+ 23. fxg3 Ng4+ 24. Kg1 Bxc5+ 25. Rxc5 Qb6 26. Bxh8 Ne3 27. Be5+ Ka8 28. Rb1 Qxb5 29. Rxb5 Nd3 30. Bc7 1-0

[Event "Berlin Lichtenberger op 9th"]
[Site "Berlin"]
[Date "2010.08.11"]
[Round "5"]
[White "Radssat, Marc Rene"]
[Black "Stiewe, Frank"]
[Result "1/2-1/2"]
[WhiteElo "1600"]
[BlackElo "1379"]
[PlyCount "172"]
[EventDate "2010.08.07"]
[EventType "swiss"]
[EventRounds "9"]
[EventCountry "GER"]
[SourceTitle "CBM 137 Extra"]
[Source "ChessBase"]
[SourceDate "2010.09.01"]
[SourceVersion "1"]
[SourceVersionDate "2010.09.01"]
[SourceQuality "1"]

1. e4 e5 2. Nf3 Nc6 3. d4 exd4 4. Nxd4 Qf6 5. Nb5 Bc5 6. Qe2 Qd8 7. Be3 Bxe3 8. Qxe3 a6 9. Nd4 Qf6 10. c3 Nge7 11. Bc4 0-0 12. 0-0 b5 13. Bb3 Bb7 14. Nd2 Rfe8 15. Rfe1 Ne5 16. f4 N5g6 17. g3 c5 18. N4f3 c4 19. Bc2 Nd5 20. Qd4 Qxd4+ 21. Nxd4 Nc7 22. e5 Nf8 23. Ne4 Bxe4 24. Bxe4 Ra7 25. Nf5 g6 26. Nd6 Rb8 27. Re2 Ne8 28. Nxe8 Rxe8 29. a4 Rb8 30. Bd5 Rc7 31. axb5 axb5 32. Ra6 Ne6 33. Rd2 Nc5 34. Rf6 Ne6 35. g4 Rf8 36. f5 Nf4 37. fxg6 Nxg6 38. Re2 Kg7 39. g5 Rc5 40. Rd6 Rd8 41. Re4 Ne7 42. Bb7 Ng6 43. Bd5 Ne7 44. Bb7 Ng6 45. Rd5 Rxd5 46. Bxd5 Re8 47. Bb7 Nxe5 48. Kg2 f6 49. Ba6 Rb8 50. Rf4 Rb6 51. gxf6+ Kg6 52. Bc8 h6 53. f7 Nxf7 54. Bxd7 Ne5 55. Bf5+ Kg5 56. Kg3 h5 57. h4+ Kh6 58. Rd4 Rf6 59. Be4 Rb6 60. Rd5 Ng4 61. Bf3 Nf6 62. Rc5 Kg6 63. Rc6 Rxc6 64. Bxc6 Kf5 65. Bxb5 Ne4+ 66. Kf3 Nd6 67. Ba4 Ke5 68. Bc2 Ne8 69. b3 cxb3 70. Bxb3 Nd6 71. Bc2 Nb5 72. Bg6 Nxc3 73. Bxh5 Kf6 74. Kg4 Kg7 75. Be8 Ne4 76. Bc6 Nf6+ 77. Kg5 Nh7+ 78. Kg4 Nf8 79. Kg3 Nh7 80. Kh3 Nf6 81. Kg3 Nh7 82. Kh3 Nf8 83. Kg3 Nh7 84. Kh3 Nf8 85. Kg3 Ng6 86. Kh3 Nf8 1/2-1/2

[Event "Berlin Lichtenberger op 9th"]
[Site "Berlin"]
[Date "2010.08.10"]
[Round "4"]
[White "Kuhn, Christian"]
[Black "Radssat, Marc Rene"]
[Result "1-0"]
[WhiteElo "2009"]
[BlackElo "1600"]
[PlyCount "47"]
[EventDate "2010.08.07"]
[EventType "swiss"]
[EventRounds "9"]
[EventCountry "GER"]
[SourceTitle "CBM 137 Extra"]
[Source "ChessBase"]
[SourceDate "2010.09.01"]
[SourceVersion "1"]
[SourceVersionDate "2010.09.01"]
[SourceQuality "1"]

1. c4 Nf6 2. g3 g6 3. Bg2 Bg7 4. Nc3 d6 5. d3 Nbd7 6. Bg5 c6 7. e4 e5 8. Nge2 a6 9. 0-0 0-0 10. Qd2 b5 11. a3 Bb7 12. Rad1 Nb6 13. b3 Qd7 14. f4 Ne8 15. f5 f6 16. Be3 Nc8 17. d4 bxc4 18. bxc4 Nb6 19. dxe5 Nxc4 20. Qa2 d5 21. Bc5 Bh6 22. exd5 Be3+ 23. Bxe3 Nxe3 24. dxc6+ 1-0

[Event "Berlin Lichtenberger op 9th"]
[Site "Berlin"]
[Date "2010.08.07"]
[Round "1"]
[White "Radssat, Marc Rene"]
[Black "Richter, Goetz"]
[Result "1/2-1/2"]
[WhiteElo "1600"]
[BlackElo "2072"]
[PlyCount "116"]
[EventDate "2010.08.07"]
[EventType "swiss"]
[EventRounds "9"]
[EventCountry "GER"]
[SourceTitle "CBM 137 Extra"]
[Source "ChessBase"]
[SourceDate "2010.09.01"]
[SourceVersion "1"]
[SourceVersionDate "2010.09.01"]
[SourceQuality "1"]

1. Nc3 c5 2. e4 Nc6 3. g3 g6 4. Bg2 Bg7 5. d3 d6 6. f4 e6 7. Nf3 Nge7 8. Be3 0-0 9. 0-0 Rb8 10. Rb1 Nd4 11. Ne2 Nxf3+ 12. Bxf3 b6 13. c3 Qd7 14. d4 f5 15. e5 cxd4 16. cxd4 Ba6 17. Qb3 d5 18. Qa3 Bc4 19. Rfd1 Rfc8 20. Rbc1 a5 21. Nc3 Nc6 22. b3 Ba6 23. Qb2 Bf8 24. Be2 Bxe2 25. Nxe2 Be7 26. Nc3 Na7 27. Rc2 Rc6 28. Rdc1 Rbc8 29. Na4 Kf7 30. Rxc6 Rxc6 31. Kf2 Nb5 32. Rxc6 Qxc6 33. Qc1 Qxc1 34. Bxc1 Bd8 35. Ke3 Ke7 36. h3 Kd7 37. Bb2 Kc6 38. Nc3 Na7 39. Ba3 Nc8 40. Bf8 Na7 41. Kd3 Kb7 42. Bd6 Ka6 43. Na4 Nb5 44. Bf8 g5 45. Nc3 Nxc3 46. Kxc3 gxf4 47. gxf4 Bh4 48. Kd3 a4 49. Bd6 Kb5 50. Bf8 Bg3 51. Ke3 Be1 52. Ke2 Bb4 53. Bd6 axb3 54. axb3 Bc3 55. Ke3 Bb2 56. Be7 Bc1+ 57. Kf3 Bd2 58. Bf8 Bb4 1/2-1/2

[Event "Schleswig Holstein-ch U16 VM"]
[Site "Neumuenster"]
[Date "2008.03.27"]
[Round "5"]
[White "Radssat, Marc Rene"]
[Black "May, Julian"]
[Result "0-1"]
[WhiteElo "1464"]
[BlackElo "1465"]
[PlyCount "114"]
[EventDate "2008.03.24"]
[EventType "swiss"]
[EventRounds "9"]
[EventCountry "GER"]
[SourceTitle "EXT 2009"]
[Source "ChessBase"]
[SourceDate "2008.11.26"]
[SourceVersion "1"]
[SourceVersionDate "2008.11.26"]
[SourceQuality "1"]

1. e4 c5 2. Nc3 d6 3. d3 g6 4. g3 Bg7 5. Bd2 Nc6 6. Bg2 e6 7. f4 Nge7 8. Nf3 a6 9. 0-0 0-0 10. Kh1 Qc7 11. Qe2 Rb8 12. Be3 b6 13. Nd1 Bb7 14. c3 f5 15. Bg1 Rfe8 16. Re1 e5 17. exf5 Nxf5 18. fxe5 Nxe5 19. Nxe5 Rxe5 20. Qd2 Bh6 21. Qf2 Bxg2+ 22. Kxg2 Qb7+ 23. Kh3 Qd7 24. g4 Rf8 25. Rxe5 dxe5 26. Qe2 Ne7 27. Be3 Bf4 28. Nf2 Nd5 29. Bd2 h5 30. Kg2 hxg4 31. Rd1 Rf5 32. Nxg4 Rg5 33. h3 Nf6 34. Bxf4 exf4 35. Rg1 Nxg4 36. hxg4 Qxg4+ 37. Qxg4 Rxg4+ 38. Kf2 Rxg1 39. Kxg1 Kf7 40. Kf2 Kf6 41. d4 cxd4 42. cxd4 g5 43. Kf3 Kf5 44. d5 Ke5 45. Kg4 Kxd5 46. Kxg5 f3 47. b4 f2 48. a4 f1Q 49. a5 b5 50. Kg4 Qf6 51. Kg3 Qf5 52. Kg2 Qf4 53. Kg1 Qf3 54. Kh2 Qg4 55. Kh1 Ke4 56. Kh2 Kf3 57. Kh1 Qg2# 0-1